[Event "Frankfurt Ch 2014"]
[Site "Ffm-Höchst, BiKuZ"]
[Date "2014.05.19"]
[Round "4.1"]
[White "Heinatz, Thomas"]
[Black "Khenkin, Igor"]
[Result "1/2-1/2"]
[WhiteElo "2309"]
[BlackElo "2550"]
[PlyCount "102"]
[EventDate "2014.??.??"]
[WhiteTeam "Sfr. Schöneck"]
[BlackTeam "Wiesbadener SV 1885"]

1. e4 Nf6 2. e5 Nd5 3. d4 d6 4. Nf3 dxe5 5. Nxe5 c6 6. Be2 Bf5 7. O-O Nd7 8.
Nf3 e6 9. c4 N5f6 10. Nc3 Bd6 11. h3 O-O 12. Be3 a6 13. Rc1 b5 14. Nh4 Bg6 15.
Nxg6 hxg6 16. b3 Rc8 17. Qd3 Qa5 18. Rfd1 Rfd8 19. Bd2 Bb4 20. Qe3 bxc4 21.
bxc4 c5 22. d5 exd5 23. cxd5 Re8 24. Qd3 Bxc3 25. Bxc3 Qxa2 26. Rc2 Qa4 27. Ra1
c4 28. Qd1 Qb5 29. Ra5 Qb6 30. Qa1 Nc5 31. Bd4 Qd6 32. Bxc5 Rxc5 33. Rxc5 Qxc5
34. Bxc4 a5 35. Rc1 Ne4 36. Qa2 Nd6 37. Rc2 Re1+ 38. Kh2 Qd4 39. Qb3 Qe5+ 40.
Qg3 Qxg3+ 41. Kxg3 Kf8 42. Ba2 Re4 43. Kf3 g5 44. g3 Ra4 45. Ke3 Ke7 46. Kd3
Rb4 47. Ke3 a4 48. Rc7+ Kf6 49. Rc6 Re4+ 50. Kf3 Ke5 51. Rxd6 Rd4 {...} 1/2-1/2

[Event "Frankfurt Ch 2014"]
[Site "Ffm-Höchst, BiKuZ"]
[Date "2014.05.19"]
[Round "4.2"]
[White "Poetsch, Hagen"]
[Black "Minor, Samuel"]
[Result "1-0"]
[WhiteElo "2463"]
[BlackElo "2186"]
[PlyCount "51"]
[EventDate "2014.??.??"]
[WhiteTeam "Sfr. Schöneck"]
[BlackTeam "Wiesbadener SV 1885"]

1. e4 e5 2. Nf3 d6 3. d4 exd4 4. Nxd4 Nf6 5. Nc3 Be7 6. g3 O-O 7. Bg2 Re8 8.
O-O Bf8 9. h3 Nbd7 10. Nb3 a5 11. a4 Nb6 12. g4 g6 13. f4 c6 14. f5 Nfd7 15.
Qf3 Ne5 16. Qf2 Be7 17. f6 Bf8 18. Qh4 Nbc4 19. Bh6 Kh8 20. g5 Ne3 21. Bxf8
Rxf8 22. Qh6 Rg8 23. Rf4 Bg4 24. hxg4 Qb6 25. Kh1 Nxc2 26. Raf1 1-0

[Event "Frankfurt Ch 2014"]
[Site "Ffm-Höchst, BiKuZ"]
[Date "2014.05.19"]
[Round "4.3"]
[White "Stockmann, Michael"]
[Black "Geske, Julian"]
[Result "1-0"]
[WhiteElo "2181"]
[BlackElo "2347"]
[PlyCount "71"]
[EventDate "2014.??.??"]
[WhiteTeam "Sfr. Schöneck"]
[BlackTeam "Wiesbadener SV 1885"]

1. d4 d5 2. c4 c6 3. Nf3 Nf6 4. e3 Bg4 5. Qb3 Qb6 6. Ne5 Bf5 7. Nd2 e6 8. Be2
h6 9. g4 Bh7 10. h4 Nbd7 11. Nxd7 Nxd7 12. c5 Qc7 13. f4 b6 14. cxb6 axb6 15.
Nf3 Nf6 16. Ne5 Ne4 17. Bd2 Bd6 18. Rc1 c5 19. Bb5+ Ke7 20. a4 Nxd2 21. Kxd2
Be4 22. Rhf1 c4 23. Qc3 f6 24. Nc6+ Kf7 25. b3 Rhc8 26. bxc4 dxc4 27. Qxc4 Qb7
28. f5 Bd5 29. fxe6+ Kxe6 30. Qc2 Kf7 31. Rxf6+ Kg8 32. Rxd6 Bf7 33. Qf5 Rc7
34. g5 Rf8 35. g6 Ba2 36. Qxf8+ 1-0

[Event "Frankfurt Ch 2014"]
[Site "Ffm-Höchst, BiKuZ"]
[Date "2014.05.19"]
[Round "4.4"]
[White "Gräbner, Walter"]
[Black "Reschke, Stefan"]
[Result "0-1"]
[WhiteElo "1952"]
[BlackElo "2319"]
[PlyCount "80"]
[EventDate "2014.??.??"]
[WhiteTeam "SC 1961 König Nied"]
[BlackTeam "SV Oberursel"]

1. d4 Nf6 2. Nf3 d6 3. g3 g6 4. Bg2 Bg7 5. O-O Nbd7 6. c4 O-O 7. Nc3 e5 8. e3
Re8 9. Qc2 exd4 10. exd4 Nf8 11. Bg5 Ne6 12. Qd2 Nxg5 13. Nxg5 h6 14. Nge4 Nxe4
15. Nxe4 Bf5 16. Rfe1 Qd7 17. Nc3 c6 18. Rad1 Rxe1+ 19. Rxe1 Re8 20. Rxe8+ Qxe8
21. Nd1 Qd8 22. Ne3 Bd7 23. b3 Qb6 24. c5 Qc7 25. Nc4 d5 26. Nd6 Bf8 27. Qf4
Be6 28. Bf1 Qe7 29. h4 Bg7 30. b4 b5 31. Nxb5 cxb5 32. Qb8+ Kh7 33. Qxb5 Bxd4
34. Qe2 Qf6 35. Kg2 Qf5 36. Kg1 Qb1 37. a3 Bh3 38. Qd3 Qa1 39. a4 Bxf1 40. Qxf1
Qxa4 0-1

[Event "Frankfurt Ch 2014"]
[Site "Ffm-Höchst, BiKuZ"]
[Date "2014.05.19"]
[Round "4.5"]
[White "Janke, Christian"]
[Black "Legde, Georg"]
[Result "0-1"]
[WhiteElo "1949"]
[BlackElo "2292"]
[PlyCount "60"]
[EventDate "2014.??.??"]
[WhiteTeam "SV Spr.Siershahn"]
[BlackTeam "SK 1858 Gießen"]

1. f4 c5 2. e4 Nc6 3. Nf3 g6 4. g3 Bg7 5. Bg2 d6 6. d3 e6 7. c3 Nge7 8. O-O O-O
9. Be3 b6 10. d4 Ba6 11. Re1 cxd4 12. cxd4 Rc8 13. Nc3 Na5 14. Bf2 Nc4 15. Qe2
b5 16. b3 Na3 17. Rac1 Qa5 18. Qb2 Nc6 19. Red1 Nb4 20. Bf1 Nbc2 21. Nb1 b4 22.
Nbd2 Rc3 23. Kg2 Rfc8 24. Nb1 Bb7 25. Bd3 Rxd3 26. Rxd3 Bxe4 27. Rcd1 Nxb1 28.
Qxb1 Qf5 29. Qc1 Bxd3 30. Kg1 Rc3 0-1

[Event "Frankfurt Ch 2014"]
[Site "Ffm-Höchst, BiKuZ"]
[Date "2014.05.19"]
[Round "4.6"]
[White "Reschke, Thomas"]
[Black "Kuhn, Gerhard"]
[Result "1/2-1/2"]
[WhiteElo "2090"]
[BlackElo "1947"]
[PlyCount "39"]
[EventDate "2014.??.??"]
[WhiteTeam "SC Frankfurt-West"]
[BlackTeam "SK Marburg 1931/72"]

1. c4 Nf6 2. g3 g6 3. Bg2 d5 4. cxd5 Nxd5 5. Nc3 Nb6 6. d3 Bg7 7. Be3 c6 8. Qd2
Be6 9. Nf3 O-O 10. Bh6 Na6 11. h4 f6 12. h5 g5 13. Bxg7 Kxg7 14. h6+ Kh8 15.
Ne4 Bd5 16. Nexg5 fxg5 17. Qxg5 Rf7 18. Ne5 Qf8 19. Nxf7+ Qxf7 20. e4 1/2-1/2

[Event "Frankfurt Ch 2014"]
[Site "Ffm-Höchst, BiKuZ"]
[Date "2014.05.19"]
[Round "4.7"]
[White "Koch, Markus"]
[Black "Lebermann, Hellmuth"]
[Result "1-0"]
[WhiteElo "2070"]
[BlackElo "1865"]
[PlyCount "69"]
[EventDate "2014.??.??"]
[WhiteTeam "SC Brett vorm Kopp Ffm"]
[BlackTeam "SK Bad Homburg 1927"]

1. d4 Nf6 2. c4 g6 3. f3 Bg7 4. e4 d6 5. Ne2 O-O 6. Be3 Nbd7 7. Qd2 e5 8. Nbc3
c6 9. g4 h5 10. h3 Re8 11. O-O-O Qa5 12. Kb1 a6 13. Nc1 exd4 14. Bxd4 Ne5 15.
Be2 Be6 16. g5 Nh7 17. f4 c5 18. Bxe5 dxe5 19. Nb3 Qc7 20. f5 gxf5 21. h4 fxe4
22. Qe3 b6 23. Nxe4 Bf5 24. Ka1 Bxe4 25. Qxe4 Rad8 26. Bxh5 Rxd1+ 27. Bxd1 Qd7
28. Bg4 Qe7 29. Nc1 Nf8 30. Ne2 Qd6 31. Nc3 Qd4 32. Rd1 Qf2 33. h5 Ne6 34. Bxe6
fxe6 35. h6 1-0

[Event "Frankfurt Ch 2014"]
[Site "Ffm-Höchst, BiKuZ"]
[Date "2014.05.19"]
[Round "4.8"]
[White "Rondonuwu, Grover"]
[Black "Rüger, Erhard"]
[Result "0-1"]
[WhiteElo "1911"]
[BlackElo "2019"]
[PlyCount "27"]
[EventDate "2014.??.??"]
[WhiteTeam "Sabt Frankfurter TV 1860"]
[BlackTeam "SC Brett vorm Kopp Ffm"]

1. d4 c5 2. c3 Nf6 3. Nf3 e6 4. Bf4 cxd4 5. cxd4 Qb6 6. Qc2 Nc6 7. e3 d6 8. a3
Bd7 9. Nbd2 Qa5 10. Rd1 Rc8 11. Qd3 Nd5 12. Bg3 Ncb4 13. axb4 Nxb4 14. Be2 0-1

[Event "Frankfurt Ch 2014"]
[Site "Ffm-Höchst, BiKuZ"]
[Date "2014.05.19"]
[Round "4.9"]
[White "Isserman, Ryhor"]
[Black "Mosig, Rainer"]
[Result "1-0"]
[WhiteElo "2270"]
[BlackElo "1854"]
[PlyCount "79"]
[EventDate "2014.??.??"]
[WhiteTeam "SK Bad Homburg 1927"]
[BlackTeam "SC 1979 Hattersheim"]

1. e4 c5 2. Nf3 d6 3. Nc3 Nf6 4. d4 cxd4 5. Nxd4 a6 6. a4 e5 7. Nf3 Be6 8. Ng5
Bg4 9. f3 Bh5 10. Be3 Qc7 11. a5 Nbd7 12. Ra4 Be7 13. Be2 Rc8 14. O-O O-O 15.
Qd2 Bg6 16. Nh3 Rfe8 17. Rd1 Bf8 18. Nf2 h6 19. Kh1 Qd8 20. Nd3 Nh7 21. Nb4
Nhf6 22. Nbd5 Nxd5 23. Qxd5 Rc6 24. Qb3 Qa8 25. Bc4 Rc7 26. Nd5 Rc6 27. Rb4
Rec8 28. Nb6 Nxb6 29. Bxb6 d5 30. exd5 Rd6 31. Bd3 f5 32. Rc4 Rxc4 33. Bxc4 Qc8
34. Be2 e4 35. c4 Rd7 36. fxe4 fxe4 37. Bg4 Bd6 38. c5 Bf4 39. c6 bxc6 40.
dxc6+ 1-0

[Event "Frankfurt Ch 2014"]
[Site "Ffm-Höchst, BiKuZ"]
[Date "2014.05.19"]
[Round "4.10"]
[White "Seifert, Norbert"]
[Black "Zimmermann, Hendrik"]
[Result "1/2-1/2"]
[WhiteElo "1867"]
[BlackElo "2173"]
[PlyCount "43"]
[EventDate "2014.??.??"]
[WhiteTeam "SF Neuberg"]
[BlackTeam "SC 1961 König Nied"]

1. d4 Nf6 2. Nf3 c5 3. e3 d5 4. c3 e6 5. Bd3 Nc6 6. Nbd2 Be7 7. O-O Qc7 8. dxc5
Bxc5 9. e4 h6 10. exd5 Nxd5 11. Ne4 Be7 12. Re1 Bd7 13. g3 g5 14. Qe2 g4 15.
Nd4 Ne5 16. Bb5 Rc8 17. Be3 a6 18. Bxd7+ Kxd7 19. Rad1 Qc4 20. Qxc4 Nxc4 21.
Bc1 b5 22. Nf5 1/2-1/2

[Event "Frankfurt Ch 2014"]
[Site "Ffm-Höchst, BiKuZ"]
[Date "2014.05.19"]
[Round "4.11"]
[White "Chandler, Patrick"]
[Black "Zimmer, Gerald"]
[Result "1-0"]
[WhiteElo "2135"]
[BlackElo "1832"]
[PlyCount "67"]
[EventDate "2014.??.??"]
[WhiteTeam "Sfr. Schöneck"]
[BlackTeam "SC Bergen-Enkheim 1922"]

1. e4 e6 2. d3 d5 3. Nd2 dxe4 4. dxe4 Nf6 5. Ngf3 Bc5 6. Bd3 Nc6 7. Nb3 Bd6 8.
Qe2 e5 9. h3 Qe7 10. c3 Bd7 11. Be3 h6 12. Nfd2 a5 13. Nc4 a4 14. Nbd2 O-O 15.
O-O Bc5 16. b4 axb3 17. axb3 b5 18. Bxc5 Qxc5 19. b4 Qe7 20. Ne3 Rfd8 21. Rxa8
Rxa8 22. Nb3 Nd8 23. Nd5 Nxd5 24. exd5 Qd6 25. Nc5 Be8 26. Qe4 g6 27. f4 c6 28.
fxe5 Qxd5 29. c4 Qxe4 30. Nxe4 Ra3 31. Rd1 bxc4 32. Bxc4 Ne6 33. Nf6+ Kf8 34.
Bxe6 1-0

[Event "Frankfurt Ch 2014"]
[Site "Ffm-Höchst, BiKuZ"]
[Date "2014.05.19"]
[Round "4.12"]
[White "Kretner, Georg-Ulrich"]
[Black "Mager, Denis"]
[Result "0-1"]
[WhiteElo "1838"]
[BlackElo "2133"]
[PlyCount "68"]
[EventDate "2014.??.??"]
[WhiteTeam "SC Bad Nauheim"]
[BlackTeam "SAbt TuS Makkabi Ffm"]

1. d4 f5 2. c4 e6 3. g3 d5 4. Bg2 Nf6 5. Nf3 c6 6. O-O Bd6 7. b3 O-O 8. Ne5 Qe7
9. Bb2 Nbd7 10. Nd2 Ne4 11. a4 a5 12. Qc2 Qf6 13. Nd3 h5 14. Nf3 g5 15. Nfe5
Qg7 16. f3 Nef6 17. Qd2 Bc7 18. Qe3 Nxe5 19. Nxe5 Nh7 20. Qd3 f4 21. e3 fxg3
22. hxg3 h4 23. Bh3 Rf6 24. Kg2 Bd7 25. Rh1 Be8 26. Bg4 Rh6 27. Rag1 Kh8 28.
Rh3 Nf6 29. gxh4 gxh4 30. Kf1 Bxe5 31. Bxe6 Bg3 32. cxd5 cxd5 33. Qf5 Bg6 34.
Qg5 Bd3+ 0-1

[Event "Frankfurt Ch 2014"]
[Site "Ffm-Höchst, BiKuZ"]
[Date "2014.05.19"]
[Round "4.13"]
[White "Zimpfer, Andreas"]
[Black "Kaulfuss, Helmut"]
[Result "1/2-1/2"]
[WhiteElo "1831"]
[BlackElo "2086"]
[PlyCount "104"]
[EventDate "2014.??.??"]
[WhiteTeam "SC Butzbach 2000"]
[BlackTeam "SV 1920 Hofheim"]

1. d4 Nc6 2. Nf3 d6 3. g3 g6 4. Bg2 Bg7 5. c4 Nf6 6. Nc3 O-O 7. d5 Nb8 8. Nd4
Bd7 9. O-O Qc8 10. Re1 c5 11. dxc6 Nxc6 12. Nxc6 Bxc6 13. e4 Re8 14. Be3 b6 15.
Rc1 Rb8 16. b4 Ba8 17. Nd5 Qd7 18. f4 Red8 19. Bd4 Nxd5 20. exd5 Bxd4+ 21. Qxd4
b5 22. cxb5 Rxb5 23. Rc4 a5 24. a3 axb4 25. axb4 Qb7 26. Ra1 Qb6 27. Qxb6 Rxb6
28. Ra7 Kf8 29. Kf2 Rb5 30. Rd4 Rc8 31. Bf1 Rb6 32. b5 Bb7 33. Rc4 Rb8 34. Rc6
Bxc6 35. dxc6 Ke8 36. Ke3 Rc8 37. Kd4 e6 38. Kc4 Rbxc6+ 39. bxc6 Rxc6+ 40. Kd3
Kf8 41. Kd2 Rb6 42. Bd3 h5 43. h3 Kg7 44. Ke3 Rb4 45. Rc7 Kf6 46. g4 hxg4 47.
hxg4 g5 48. Rc4 Rb6 49. f5 Rb7 50. Kd4 Ra7 51. Rb4 Rc7 52. Rb8 Ra7 1/2-1/2

[Event "Frankfurt Ch 2014"]
[Site "Ffm-Höchst, BiKuZ"]
[Date "2014.05.19"]
[Round "4.14"]
[White "Bittner, Peter"]
[Black "Schwenkreis, Thomas"]
[Result "0-1"]
[WhiteElo "1827"]
[BlackElo "2064"]
[PlyCount "64"]
[EventDate "2014.??.??"]
[WhiteTeam "SC 1961 König Nied"]
[BlackTeam "SC Brett vorm Kopp Ffm"]

1. e4 c5 2. Nf3 Nc6 3. c3 d5 4. exd5 Qxd5 5. Be2 e5 6. d3 Be7 7. O-O Nf6 8. h3
h6 9. Be3 Bf5 10. Qb3 Qd7 11. Rd1 Nd5 12. Qc2 Qe6 13. Qd2 Rd8 14. Qe1 Qg6 15.
Na3 Bxh3 16. Qf1 Be6 17. Nc4 Nxe3 18. Nxe3 O-O 19. b3 f5 20. Nc2 Bf6 21. Qe1 f4
22. Rac1 Bf5 23. Qf1 Rd7 24. b4 cxb4 25. Nxb4 Rfd8 26. Nxc6 bxc6 27. d4 e4 28.
Bc4+ Kh7 29. Ne1 f3 30. g3 Qh5 31. Nc2 Bh3 32. Qe1 Bg2 0-1

[Event "Frankfurt Ch 2014"]
[Site "Ffm-Höchst, BiKuZ"]
[Date "2014.05.19"]
[Round "4.15"]
[White "Nimsch, Helmut"]
[Black "Straub, Fabian"]
[Result "1-0"]
[WhiteElo "2016"]
[BlackElo "1816"]
[PlyCount "65"]
[EventDate "2014.??.??"]
[WhiteTeam "SC Brett vorm Kopp Ffm"]
[BlackTeam "SV Frankfurt Nord 1926"]

1. d4 e6 2. c4 Nf6 3. Nf3 b6 4. g3 Bb7 5. Bg2 Be7 6. O-O O-O 7. Nc3 Ne4 8. Qc2
Nxc3 9. Qxc3 f5 10. Bf4 d6 11. Rad1 Nd7 12. b4 Bf6 13. c5 bxc5 14. bxc5 Nxc5
15. Qa5 Nd7 16. h4 h6 17. Qd2 Re8 18. h5 Qe7 19. Nh4 Bxg2 20. Ng6 Qf7 21. Kxg2
Nf8 22. Qa5 Reb8 23. Rd2 Bd8 24. Nxf8 Kxf8 25. e4 Qxh5 26. f3 Qf7 27. Rc1 Qd7
28. exf5 exf5 29. Qd5 Rc8 30. Re2 Bf6 31. Re6 Re8 32. Rxf6+ gxf6 33. Bxh6+ 1-0

[Event "Frankfurt Ch 2014"]
[Site "Ffm-Höchst, BiKuZ"]
[Date "2014.05.19"]
[Round "4.16"]
[White "Krüger, Till"]
[Black "Meyer, Stefan"]
[Result "0-1"]
[WhiteElo "1803"]
[BlackElo "2013"]
[PlyCount "52"]
[EventDate "2014.??.??"]
[WhiteTeam "SC Nidderau"]
[BlackTeam "SAbt TuS Dotzheim"]

1. e4 g6 2. d4 Bg7 3. Nf3 c5 4. c3 cxd4 5. cxd4 d5 6. e5 Nh6 7. Nc3 O-O 8. Bd3
Nc6 9. O-O Bg4 10. Be2 e6 11. Be3 Nf5 12. Qd2 f6 13. exf6 Qxf6 14. Bg5 Qf7 15.
Ne5 Nxe5 16. dxe5 Bxe2 17. Qxe2 h6 18. Bd2 Nd4 19. Qd3 Bxe5 20. Bxh6 Qf5 21.
Qd2 Rf7 22. Qg5 Rh7 23. f4 Bf6 24. Qxf5 Nxf5 25. Bg5 Bd4+ 26. Kh1 Ng3# 0-1

[Event "Frankfurt Ch 2014"]
[Site "Ffm-Höchst, BiKuZ"]
[Date "2014.05.19"]
[Round "4.17"]
[White "Reimer, Otto"]
[Black "Richter, Tobias"]
[Result "1-0"]
[WhiteElo "1793"]
[BlackElo "1975"]
[PlyCount "153"]
[EventDate "2014.??.??"]
[WhiteTeam "SK Bad Homburg 1927"]
[BlackTeam "SV Merseburg"]

1. e4 g6 2. d4 Bg7 3. Nf3 d6 4. Be3 Nf6 5. Bd3 Nc6 6. c3 O-O 7. h3 e5 8. d5 Ne7
9. Qd2 Nxe4 10. Bxe4 f5 11. Bh6 Bxh6 12. Qxh6 fxe4 13. Ng5 Rf7 14. Nxf7 Kxf7
15. Qxh7+ Kf8 16. Qh4 Qe8 17. Nd2 Qb5 18. Nxe4 Qxd5 19. O-O Bf5 20. Qh6+ Kf7
21. Ng5+ Kf6 22. Qh4 Kg7 23. Nf3 Re8 24. Rfd1 Qb5 25. b3 Nc6 26. Rd2 Qc5 27. c4
Qa5 28. Rad1 Qc3 29. Qg5 Qa5 30. Nh4 Rf8 31. g4 Be4 32. f3 Rxf3 33. Nxf3 Bxf3
34. Re1 Qc3 35. Rf2 e4 36. Rc1 Qd4 37. Qd2 Qe5 38. Rxf3 exf3 39. Qf2 Nd4 40.
Rd1 Ne2+ 41. Kh1 Qe4 42. Rd5 Kf7 43. Rd1 g5 44. Rd5 Kf6 45. Rf5+ Kg6 46. Rxf3
Nd4 47. Kg2 Nxf3 48. Qxf3 Qc2+ 49. Qf2 Qxf2+ 50. Kxf2 Kf6 51. Kg3 c6 52. h4
gxh4+ 53. Kxh4 d5 54. cxd5 cxd5 55. Kg3 Kg5 56. Kf3 b6 57. b4 a6 58. a3 a5 59.
b5 a4 60. Ke3 Kxg4 61. Kd4 Kf4 62. Kxd5 Ke3 63. Kc6 Kd4 64. Kxb6 Kc4 65. Ka5
Kb3 66. b6 Kxa3 67. b7 Ka2 68. b8=Q a3 69. Ka4 Ka1 70. Qe5+ Ka2 71. Qd5+ Kb2
72. Qb3+ Ka1 73. Qxa3+ Kb1 74. Qb3+ Ka1 75. Qd3 Kb2 76. Kb4 Ka1 77. Qe2 1-0

[Event "Frankfurt Ch 2014"]
[Site "Ffm-Höchst, BiKuZ"]
[Date "2014.05.19"]
[Round "4.18"]
[White "Biegel, Thomas"]
[Black "Worzelberger, Armin"]
[Result "1-0"]
[WhiteElo "1975"]
[BlackElo "1766"]
[PlyCount "81"]
[EventDate "2014.??.??"]
[WhiteTeam "SC Steinbach"]
[BlackTeam "SC Grunbach"]

1. c4 Nf6 2. Nf3 d6 3. g3 e5 4. Nc3 c6 5. Bg2 Be7 6. O-O Nbd7 7. Rb1 a5 8. a3
h6 9. b4 d5 10. d4 e4 11. Ne5 Bd6 12. Bf4 Qc7 13. cxd5 Nxe5 14. dxe5 Bxe5 15.
d6 Qxd6 16. Qxd6 Bxd6 17. Bxd6 axb4 18. axb4 Nd5 19. Nxd5 cxd5 20. Ra1 Rxa1 21.
Rxa1 Kd7 22. Be5 f6 23. Bd4 Kc6 24. Ra8 Re8 25. Bh3 Bd7 26. Bxd7+ Kxd7 27. Rxe8
Kxe8 28. Kg2 Kf7 29. f3 Ke6 30. Kf2 g6 31. Ke3 g5 32. fxe4 dxe4 33. Kxe4 f5+
34. Kf3 Kf7 35. e4 Kg6 36. exf5+ Kxf5 37. g4+ Kg6 38. Ke4 h5 39. h3 hxg4 40.
hxg4 b5 41. Kd5 1-0

[Event "Frankfurt Ch 2014"]
[Site "Ffm-Höchst, BiKuZ"]
[Date "2014.05.19"]
[Round "4.19"]
[White "Roggensack, Hans Peter"]
[Black "Liebske, Reiner"]
[Result "1-0"]
[WhiteElo "1955"]
[BlackElo "1680"]
[PlyCount "52"]
[EventDate "2014.??.??"]
[WhiteTeam "SF Frankfurt 1921"]
[BlackTeam "SV Frankfurt Nord 1926"]

1. e4 c5 2. Nf3 Nc6 3. Bb5 d6 4. O-O Bd7 5. c3 Nf6 6. Re1 a6 7. Bf1 g6 8. d4
cxd4 9. cxd4 Rc8 10. h3 Qc7 11. Nc3 e5 12. Nd5 Qd8 13. Nxf6+ Qxf6 14. Bg5 Qg7
15. Rc1 Be7 16. Bxe7 Kxe7 17. Qb3 b5 18. a4 exd4 19. axb5 Rb8 20. Qa3 axb5 21.
e5 b4 22. exd6+ Kd8 23. Qa6 Re8 24. Rxe8+ Bxe8 25. Bb5 Rxb5 26. Qxb5 Ne5 1-0

[Event "Frankfurt Ch 2014"]
[Site "Ffm-Höchst, BiKuZ"]
[Date "2014.05.19"]
[Round "4.20"]
[White "Grobe, Detlef"]
[Black "Cichon, Jörg"]
[Result "1/2-1/2"]
[WhiteElo "1932"]
[BlackElo "1649"]
[PlyCount "37"]
[EventDate "2014.??.??"]
[WhiteTeam "SK 1962 Ladenburg"]
[BlackTeam "Sfr.Mainz 1928"]

1. Nf3 Nf6 2. c4 g6 3. b4 Bg7 4. Bb2 d6 5. e3 e5 6. d3 O-O 7. Nbd2 Nc6 8. b5
Ne7 9. Be2 b6 10. O-O Bb7 11. a4 a5 12. Ne1 Nd7 13. Bf3 Qc8 14. Bxb7 Qxb7 15.
Qc2 f5 16. Nef3 h6 17. Nb3 g5 18. Nfd2 Ng6 19. f3 1/2-1/2

[Event "Frankfurt Ch 2014"]
[Site "Ffm-Höchst, BiKuZ"]
[Date "2014.05.19"]
[Round "4.21"]
[White "Fröhlich-Dill, Astrid"]
[Black "Kolker, Vladislav"]
[Result "1/2-1/2"]
[WhiteElo "1789"]
[BlackElo "1915"]
[PlyCount "48"]
[EventDate "2014.??.??"]
[WhiteTeam "SV 1920 Hofheim"]
[BlackTeam "SC Bad Nauheim"]

1. d4 Nf6 2. c4 g6 3. Nc3 Bg7 4. e4 d6 5. f3 O-O 6. Be3 Nc6 7. d5 Ne5 8. Qd2 c5
9. Bd3 e6 10. Nge2 exd5 11. exd5 Nxd3+ 12. Qxd3 Bf5 13. Qd2 Re8 14. O-O a6 15.
Kh1 b5 16. Ng3 b4 17. Nce2 Bc8 18. Bg5 Qc7 19. Rae1 h5 20. Nf4 Re5 21. Nd3 Rxe1
22. Rxe1 Bd7 23. Qf4 Ne8 24. Ne4 Bf5 1/2-1/2

[Event "Frankfurt Ch 2014"]
[Site "Ffm-Höchst, BiKuZ"]
[Date "2014.05.19"]
[Round "4.22"]
[White "Djakow, Alexander"]
[Black "Schmitt, Roland"]
[Result "1-0"]
[WhiteElo "1747"]
[BlackElo "1907"]
[PlyCount "85"]
[EventDate "2014.??.??"]
[WhiteTeam "vereinslos"]
[BlackTeam "SK Großsachsen"]

1. d4 d5 2. c4 e6 3. e3 c6 4. Nf3 Nf6 5. Nc3 Nbd7 6. Bd3 dxc4 7. Bxc4 b5 8. Bb3
Bb7 9. O-O a6 10. Re1 c5 11. h3 Rc8 12. Bd2 Qc7 13. Rc1 c4 14. Bc2 b4 15. Na4
Bc6 16. e4 Be7 17. d5 exd5 18. exd5 Nxd5 19. Be4 N7f6 20. Bxd5 Nxd5 21. Rxc4
O-O 22. Ne5 Qd6 23. Rd4 Qe6 24. Ng4 Qd6 25. Bxb4 Bxa4 26. Qxa4 Nxb4 27. Rxd6
Bxd6 28. Rd1 Bc5 29. a3 Nc6 30. Rc1 Nd4 31. Rxc5 Ne2+ 32. Kf1 Ng3+ 33. fxg3
Rxc5 34. Kg1 Rd8 35. Ne3 Rc1+ 36. Kh2 h5 37. Qh4 Re8 38. Qg5 g6 39. g4 h4 40.
Nf5 Ree1 41. Nxh4 Rc2 42. Nxg6 Rxb2 43. Qd8+ 1-0

[Event "Frankfurt Ch 2014"]
[Site "Ffm-Höchst, BiKuZ"]
[Date "2014.05.19"]
[Round "4.23"]
[White "Mühlbach, Christian"]
[Black "Seickel, Ralf"]
[Result "0-1"]
[WhiteElo "1683"]
[BlackElo "1905"]
[PlyCount "74"]
[EventDate "2014.??.??"]
[WhiteTeam "SK Langen"]
[BlackTeam "vereinslos"]

1. Nf3 g6 2. g3 Bg7 3. Bg2 Nf6 4. c4 O-O 5. Na3 c5 6. Nc2 d5 7. cxd5 Nxd5 8.
Rb1 Nc6 9. a3 e5 10. O-O Be6 11. h3 h6 12. d3 Qd7 13. Kh2 a5 14. Bd2 a4 15. Re1
f5 16. Qc1 e4 17. Nh4 g5 18. Bxg5 hxg5 19. Qxg5 Qe7 20. Qxe7 Ndxe7 21. dxe4
fxe4 22. Bxe4 Rxf2+ 23. Kg1 Rf7 24. g4 Rd8 25. Nf3 Rf4 26. Ng5 Bb3 27. Na1 Ba2
28. Rbc1 b6 29. e3 Rf6 30. Nf3 Rff8 31. Re2 Ne5 32. Ng5 Nd3 33. Bxd3 Rxd3 34.
e4 Bd4+ 35. Kg2 Ng6 36. Kh1 Be3 37. Rc3 Rd1+ 0-1

[Event "Frankfurt Ch 2014"]
[Site "Ffm-Höchst, BiKuZ"]
[Date "2014.05.19"]
[Round "4.24"]
[White "Krischak, Werner"]
[Black "Blum, Ralph"]
[Result "0-1"]
[WhiteElo "1609"]
[BlackElo "1897"]
[PlyCount "76"]
[EventDate "2014.??.??"]
[WhiteTeam "SK Marburg 1931/72"]
[BlackTeam "SV 1934 Ffm-Griesheim"]

1. d4 e6 2. Nf3 f5 3. g3 d6 4. Bg2 Nf6 5. O-O Be7 6. c4 O-O 7. Nc3 Qe8 8. Re1
Qg6 9. Bg5 Nc6 10. Bxf6 Bxf6 11. e4 e5 12. d5 Nd8 13. Rc1 f4 14. Qd3 fxg3 15.
fxg3 b6 16. b4 a5 17. a3 Nb7 18. Rf1 h5 19. Rc2 Rf7 20. Nd1 Bd7 21. Ne3 Be7 22.
Rcf2 Raf8 23. Nd2 Rxf2 24. Rxf2 Rxf2 25. Kxf2 h4 26. Nf5 hxg3+ 27. hxg3 Qf6 28.
Nf3 Bf8 29. g4 g6 30. g5 Qf7 31. Ne3 Be7 32. Ke1 Qf4 33. Nf1 axb4 34. axb4 Nd8
35. Qe3 Qxe3+ 36. Nxe3 Nf7 37. b5 Nxg5 38. Kf2 Nxe4+ 0-1

[Event "Frankfurt Ch 2014"]
[Site "Ffm-Höchst, BiKuZ"]
[Date "2014.05.19"]
[Round "4.26"]
[White "Calvi, Stefan"]
[Black "Koch, Thomas"]
[Result "1-0"]
[WhiteElo "2054"]
[BlackElo "1734"]
[PlyCount "67"]
[EventDate "2014.??.??"]
[WhiteTeam "SF Frankfurt 1921"]
[BlackTeam "SV 1934 Ffm-Griesheim"]

1. e4 e6 2. d3 d5 3. Nd2 Nf6 4. Ngf3 Bc5 5. e5 Nfd7 6. g3 Be7 7. Bg2 c5 8. O-O
Nc6 9. Re1 O-O 10. c3 Rb8 11. Nf1 b5 12. h4 b4 13. c4 dxc4 14. dxc4 Qc7 15. Bf4
Rd8 16. Qe2 b3 17. a3 Ba6 18. N1d2 Nb6 19. Rac1 Na5 20. Ng5 Bxg5 21. Bxg5 Rd7
22. Qg4 Rd4 23. Be4 Nd7 24. Bf6 Nxf6 25. exf6 g6 26. Nf3 Rd6 27. h5 e5 28. Qg5
Qd8 29. Nxe5 h6 30. Qxh6 Qxf6 31. hxg6 fxg6 32. Bd5+ Rxd5 33. cxd5 Rb6 34. Nd7
1-0

[Event "Frankfurt Ch 2014"]
[Site "Ffm-Höchst, BiKuZ"]
[Date "2014.05.19"]
[Round "4.27"]
[White "Wagner, Dirk"]
[Black "Schellen, Sven"]
[Result "1-0"]
[WhiteElo "1919"]
[BlackElo "1749"]
[PlyCount "53"]
[EventDate "2014.??.??"]
[WhiteTeam "SC Matt im Park Ffm"]
[BlackTeam "SF Frankfurt 1921"]

1. c4 d5 2. cxd5 Nf6 3. d4 g6 4. Nc3 Nxd5 5. e4 Nxc3 6. bxc3 c5 7. Bc4 Bg7 8.
Ne2 Nc6 9. Be3 O-O 10. O-O Na5 11. Bd3 cxd4 12. cxd4 b6 13. Rc1 Bb7 14. Qd2 Qd7
15. Bh6 Bxh6 16. Qxh6 e5 17. f4 f6 18. d5 Rac8 19. f5 Rxc1 20. Rxc1 gxf5 21.
Ng3 fxe4 22. Bxe4 f5 23. Bxf5 Rxf5 24. Nxf5 Qxf5 25. Rf1 Qc8 26. Qg5+ Kh8 27.
Rf7 1-0

[Event "Frankfurt Ch 2014"]
[Site "Ffm-Höchst, BiKuZ"]
[Date "2014.05.19"]
[Round "4.28"]
[White "Egenolf, Dirk"]
[Black "Weiland, Thomas"]
[Result "1-0"]
[WhiteElo "1906"]
[BlackElo "1695"]
[PlyCount "79"]
[EventDate "2014.??.??"]
[WhiteTeam "SK Niederbrechen 1948"]
[BlackTeam "SV Oberursel"]

1. Nf3 d5 2. g3 c5 3. Bg2 Nf6 4. O-O Nc6 5. d3 Bg4 6. Nbd2 Qd7 7. Re1 Rd8 8. b3
b5 9. Bb2 d4 10. e4 e5 11. a4 a6 12. Qe2 h5 13. Qf1 Bd6 14. h3 Be6 15. Ng5 h4
16. Nxe6 Qxe6 17. axb5 axb5 18. f4 hxg3 19. f5 Qd7 20. Bf3 Nh5 21. Bg4 f6 22.
Qf3 Nf4 23. Qxg3 Nb4 24. Rac1 Ra8 25. h4 Rh6 26. Ra1 Rxa1 27. Rxa1 Nxc2 28.
Ra8+ Kf7 29. b4 Ne3 30. bxc5 Nxg4 31. Qxg4 Qb7 32. Qd1 Qxa8 33. Qb3+ Kf8 34.
cxd6 Qa4 35. d7 Ne2+ 36. Kf2 Qxb3 37. d8=Q+ Kf7 38. Nxb3 Nc3 39. Ba3 Rh8 40.
Qxh8 1-0